000 00469nam a22001937a 4500
003 MPLRDC
005 20220104153733.0
008 210129b ||||| |||| 00| 0 eng d
020 _a983-2197-16-3
082 _a868.714 ZMQ
100 _a张木钦
245 _a流花亭
_c
250 _a初版
260 _a马来西亚
_b燧人氏出版社
_c2004
300 _b
490 _a文苑系列. 2
650 _a马华文学--别集
942 _cBK
_o868.714 ZMQ
999 _c53589
_d53579